| 000 | 00376 a2200073 4500 | ||
|---|---|---|---|
| 245 | 0 |
_aSprawozdanie z wyników pomiarów parametrów urządzeń studyjnych,nadajników telewizyjnych i linii radiowych : _bZałącznik nr 1 do sprawozdania z pracy naukowo-badawczej nr 70620 / _cPodemski A.. |
|
| 710 | 2 |
_aInstytut Łączności. _eWydawca _4pbl |
|
| 260 |
_aWarszawa : _bIŁ, _c1969. |
||
| 300 |
_aIII,43 s.; _c34 cm. |
||
| 999 |
_c16645 _d16645 |
||